LEADER 01619nam0 22003973i 450 001 TO01558149 005 20251003044412.0 010 $a883702956X 010 $a9788837029562$brist. 2007 100 $a20130827d2006 ||||0itac50 ba 101 | $aita 102 $ait 181 1$6z01$ai $bxxxe 182 1$6z01$an 183 1$6z01$anc$2RDAcarrier 200 1 $aMinerali e rocce$fAnnibale Mottana, Rodolfo Crespi, Giuseppe Liborio 205 $a16. ed 210 $aMilano$cMondadori$d2006 215 $a604 p.$cill.$d20 cm. 500 10$aMinerali e rocce.$3LZ10262509$9CFIV117075$978271 676 $a549$9MINERALOGIA$v14 676 $a549.114$9MINERALI NELLE ROCCE$v21 700 1$aMottana$b, Annibale$3CFIV117075$4070$032232 701 1$aLiborio$b, Giuseppe$c $3CFIV095441$4070$034693 701 1$aCrespi$b, Rodolfo$3CFIV117076$4070$034692 790 1$aLibrorio$b, Giuseppe$3FOGV049469$zLiborio, Giuseppe 790 1$aMottana$b, A.$3RT1V028618$zMottana, Annibale 790 1$aCrespi$b, R.$3USMV985729$zCrespi, Rodolfo 801 3$aIT$bIT-000000$c20130827 850 $aIT-BN0095 901 $bNAP 01$cSALA $n$ 912 $aTO01558149 950 0$aBiblioteca Centralizzata di Ateneo$c1 v. in due copie$d 01SALA 549 MOT.mi$e 0104 0000016965 VME (bis v. 1 (2. copia)$fA $h20100831$i20100831$c1 v. in due copie$d 01SALA 549 MOT.mi$e 0104 0000001905 VMA 1 v.$fA $h20070604$i20070604 977 $a 01 996 $aMinerali e rocce$978271 997 $aUNISANNIO LEADER 01338nam0 22003131i 450 001 UON00447296 005 20231205105023.456 100 $a20141119f1955 |0itac50 ba 101 $afre 102 $aFR 105 $a|||| 1|||| 200 1 $a19. [dix-neuvième] siècle$eles grands auteurs français du programme$fAndré Lagarde, Laurent Michard 210 $aParis$cBordas$dc1955 215 $a576 p., [24] c. di tav.$cill.$d19 cm. 316 $aValore stimato$5IT-UONSI FranceseVII/184 410 1$1001UON00174067$12001 $a Textes et Littérature$1210 $aParis$cBordas.$v5 606 $aLetteratura francese$xSec. 19.$xAntologie$3UONC064188$2FI 606 $aLetteratura francese$xStoria$xSec. 19.$3UONC064116$2FI 620 $aFR$dParis$3UONL002984 676 $a840.7$cLetteratura francese. Monarchia costituzionale, 1815-1848$v21 700 1$aLAGARDE$bAndré$3UONV123556$0388693 701 1$aMICHARD$bLaurent$3UONV123557$0174779 712 $aBordas$3UONV247138$4650 801 $aIT$bSOL$c20251017$gRICA 899 $aSIBA - SISTEMA BIBLIOTECARIO DI ATENEO$2UONSI 912 $aUON00447296 950 $aSIBA - SISTEMA BIBLIOTECARIO DI ATENEO$dSI VII 184 $eSI MR 54866/2 7 184 Valore stimato 996 $a19. siècle$91250370 997 $aUNIOR